| 000 | 00601nam a2200241 a 4500 | ||
|---|---|---|---|
| 001 | nice12345678 | ||
| 003 | IN_TiNIC | ||
| 005 | 20260116011834.0 | ||
| 008 | 050524s1899 laha grs 000 0 49g | ||
| 020 |
_a _c100 |
||
| 082 | 0 | 0 |
_a225.6 _bULM |
| 100 | _aUlman, J F | ||
| 245 | _aBible Ki Naqlen Bible Ki Bolli Men | ||
| 260 |
_aLahore _bPunjab Religious Booksociety _c1899 |
||
| 300 | _a184p | ||
| 500 | _aincludes index and biblioraphy | ||
| 505 | 2 | _aThesis | |
| 650 | _aBible N.T. Criticism-Interpretaion | ||
| 700 | 1 | _aUlman, J F | |
| 902 | _bSRS | ||
| 942 | _cPS | ||
| 999 |
_c4344 _d4344 |
||